[Event "SportAccord Blitz Men 2012"]
[Site "Beijing CHN"]
[Date "2012.12.16"]
[Round "1.1"]
[White "Fressinet, Laurent"]
[Black "Ivanchuk, Vassily"]
[Result "1-0"]
[WhiteTitle "GM"]
[BlackTitle "GM"]
[WhiteElo "2700"]
[BlackElo "2766"]
[WhiteFideId "608742"]
[BlackFideId "14100010"]
[EventDate "2012.12.16"]

1. d4 Nf6 2. Nf3 g6 3. c4 Bg7 4. Nc3 d5 5. cxd5 Nxd5 6. e4 Nxc3 7. bxc3 c5 8.
Be3 O-O 9. Rc1 Qa5 10. Nd2 Qxa2 11. Bc4 Qa5 12. O-O Nd7 13. h3 Qc7 14. e5 a6 15.
e6 fxe6 16. Bxe6+ Kh8 17. Ne4 Nf6 18. Ng5 b6 19. d5 Bd7 20. c4 Be8 21. f4 h6 22.
Nf3 Nh5 23. Qd2 Nxf4 24. Bg4 g5 25. h4 Qd6 26. hxg5 hxg5 27. Nxg5 Be5 28. Ne6
Nxe6 29. Bxe6 Bg6 30. Kh1 Bh7 31. Bh6 Rf6 32. Qg5 Rg6 33. Qh5 Bd4 34. Rf7 Rxe6
35. Bf4 Rh6 36. Bxh6 Bg6 1-0

[Event "SportAccord Blitz Men 2012"]
[Site "Beijing CHN"]
[Date "2012.12.16"]
[Round "1.2"]
[White "Kamsky, Gata"]
[Black "Giri, Anish"]
[Result "1-0"]
[WhiteTitle "GM"]
[BlackTitle "GM"]
[WhiteElo "2762"]
[BlackElo "2720"]
[WhiteFideId "2000024"]
[BlackFideId "24116068"]
[EventDate "2012.12.16"]

1. b3 e5 2. Bb2 d6 3. g3 g6 4. Bg2 Bg7 5. e3 Nf6 6. Ne2 O-O 7. d3 Nc6 8. Nd2 Be6
9. h3 Qd7 10. g4 Rfe8 11. Ng3 h6 12. a3 a5 13. Qe2 d5 14. Nf3 d4 15. g5 Nd5 16.
Ne4 Qe7 17. h4 h5 18. Bh3 Nd8 19. Nfd2 b6 20. Qf3 Qd7 21. Kf1 Rc8 22. Kg2 c5 23.
a4 Rc6 24. Nc4 Rf8 25. Qg3 Bxh3+ 26. Qxh3 Re6 27. Rhg1 Qc6 28. Kh2 Nb4 29. Rac1
Rfe8 30. Rg2 R8e7 31. Qf3 Kf8 32. Qe2 Qc7 33. Kh1 Ndc6 34. Rf1 Re8 35. Ba3 Ne7
36. Kg1 Nf5 37. Rh2 Qc6 38. Bxb4 cxb4 39. Qf3 Rd8 40. Kg2 Ke7 41. Rh3 Kf8 42.
Ned2 Qxf3+ 43. Kxf3 Rc6 44. Ke2 Rd7 45. e4 Ne7 46. f4 exf4 47. Rxf4 Re6 48. Kf2
Nc8 49. Rhf3 Rc7 50. Kg2 Na7 51. Rf2 Ke8 52. Nf3 Rd7 53. Ng1 Rb7 54. Ne2 Nc6 55.
R4f3 Rb8 56. Nf4 Re7 57. Nd5 Rd7 58. Ndxb6 Rc7 59. Nd5 Rd7 60. Nf6+ Bxf6 61.
Rxf6 Nd8 62. Nxa5 Rc8 63. Nc4 Nb7 64. Nb6 1-0

[Event "SportAccord Blitz Men 2012"]
[Site "Beijing CHN"]
[Date "2012.12.16"]
[Round "1.4"]
[White "Mamedyarov, Shakhriyar"]
[Black "Nakamura, Hikaru"]
[Result "0-1"]
[WhiteTitle "GM"]
[BlackTitle "GM"]
[WhiteElo "2764"]
[BlackElo "2760"]
[WhiteFideId "13401319"]
[BlackFideId "2016192"]
[EventDate "2012.12.16"]

1. d4 Nf6 2. c4 e6 3. Nc3 Bb4 4. Qc2 O-O 5. a3 Bxc3+ 6. Qxc3 d6 7. Bg5 Nbd7 8.
e3 b6 9. Qc2 Bb7 10. Ne2 c5 11. Rd1 h6 12. Bh4 Qc7 13. Nc3 a6 14. Be2 cxd4 15.
Rxd4 d5 16. Bg3 e5 17. cxd5 Nxd5 18. Qd1 N5f6 19. O-O b5 20. Rd2 Nc5 21. Qc2
Rac8 22. Rc1 Qe7 23. f3 Na4 24. Qb3 e4 25. Bd6 Qd8 26. Rcd1 Nxc3 27. bxc3 Re8
28. f4 Qb6 29. Kf2 Nd7 30. c4 Bc6 31. cxb5 axb5 32. Bb4 Nc5 33. Bxc5 Qxc5 34.
Qb4 Qa7 35. Rd6 Rc7 36. R1d2 Ra8 37. f5 Be8 38. Rd8 Rcc8 39. Rxc8 Rxc8 40. f6
gxf6 41. Qd6 Kg7 42. Qg3+ Kf8 43. Qf4 Kg7 44. Rd6 Qe7 45. Qg4+ Kf8 46. Qxc8 Qxd6
47. Bxb5 Qd2+ 48. Be2 Qa5 49. Qc1 Qf5+ 50. Kg1 Qa5 51. Qa1 Qd2 52. Kf2 Qd6 53.
h3 Ba4 54. Qc3 Kg7 55. Qb4 Qc6 56. Qc4 Qa8 57. Qc7 Bb3 58. Qg3+ Kf8 59. Qd6+ Kg7
60. Qb4 Ba4 61. Bc4 Qa7 62. Qd6 Bc2 63. Bb5 Qa5 64. Bc4 Qf5+ 65. Ke1 Bd3 66.
Qg3+ Kf8 67. Qd6+ Kg7 68. Qg3+ Kf8 69. Bxd3 exd3 70. Qd6+ Kg7 71. Qg3+ Kh7 72.
Qf4 Qa5+ 73. Kd1 Qc3 74. Qa4 f5 75. g4 Qb2 0-1

[Event "SportAccord Blitz Men 2012"]
[Site "Beijing CHN"]
[Date "2012.12.16"]
[Round "1.5"]
[White "Grischuk, Alexander"]
[Black "Morozevich, Alexander"]
[Result "0-1"]
[WhiteTitle "GM"]
[BlackTitle "GM"]
[WhiteElo "2764"]
[BlackElo "2748"]
[WhiteFideId "4126025"]
[BlackFideId "4116992"]
[EventDate "2012.12.16"]

1. e4 c5 2. Nf3 e6 3. Nc3 Nc6 4. Bb5 Nd4 5. O-O Ne7 6. Nxd4 cxd4 7. Ne2 a6 8.
Bd3 Nc6 9. b3 Bc5 10. Bb2 O-O 11. f4 d5 12. Kh1 e5 13. f5 Nb4 14. Ng3 Nxd3 15.
cxd3 f6 16. Qf3 b6 17. Qh5 Bb7 18. Rf3 Rc8 19. Rd1 Be7 20. Qh4 Rc2 21. Ba1 Qc7
22. h3 Rf7 23. Kh2 Rc1 24. Rdf1 Rxf1 25. Rxf1 Qc2 26. Qg4 Qxd3 27. exd5 Bxd5 28.
Rc1 Qxd2 29. Rg1 Qxa2 30. Ne4 Qc2 31. Ng3 Bd6 32. Kh1 d3 33. Nh5 d2 34. Rd1 Bxb3 0-1

[Event "SportAccord Blitz Men 2012"]
[Site "Beijing CHN"]
[Date "2012.12.16"]
[Round "1.6"]
[White "Aronian, Levon"]
[Black "Radjabov, Teimour"]
[Result "1-0"]
[WhiteTitle "GM"]
[BlackTitle "GM"]
[WhiteElo "2815"]
[BlackElo "2793"]
[WhiteFideId "13300474"]
[BlackFideId "13400924"]
[EventDate "2012.12.16"]

1. d4 Nf6 2. c4 g6 3. Nc3 Bg7 4. e4 d6 5. Nf3 O-O 6. h3 c5 7. d5 e6 8. Bd3 Nh5
9. g4 Nf6 10. Bf4 Na6 11. Qd2 exd5 12. cxd5 Nb4 13. Bb1 Re8 14. Kf1 c4 15. Kg2
Na6 16. Re1 Nc5 17. Bh6 Bh8 18. Bc2 Bd7 19. Qf4 Qb6 20. Bg5 Qxb2 21. Bxf6 Qxc2
22. Re2 Nd3 23. Qxd6 Bxf6 24. Rxc2 1-0

[Event "SportAccord Blitz Men 2012"]
[Site "Beijing CHN"]
[Date "2012.12.16"]
[Round "1.8"]
[White "Karjakin, Sergey"]
[Black "Leko, Peter"]
[Result "1-0"]
[WhiteTitle "GM"]
[BlackTitle "GM"]
[WhiteElo "2775"]
[BlackElo "2732"]
[WhiteFideId "14109603"]
[BlackFideId "703303"]
[EventDate "2012.12.16"]

1. e4 e5 2. Nf3 Nc6 3. Bb5 a6 4. Ba4 Nf6 5. O-O Be7 6. d3 b5 7. Bb3 O-O 8. a4 b4
9. Nbd2 Bc5 10. Nc4 d6 11. Be3 Bxe3 12. fxe3 h6 13. Qe1 Be6 14. Kh1 Rb8 15. Nh4
g6 16. Qg3 Nh5 17. Qf2 Kh7 18. h3 Ng7 19. Nd2 Bxb3 20. Nxb3 Ne7 21. Qg3 Nh5 22.
Qg4 Qc8 23. Kh2 Qxg4 24. hxg4 Ng7 25. Rf2 Ne6 26. Raf1 Kg7 27. Nf5+ Nxf5 28.
exf5 Ng5 29. Kg3 c5 30. Nd2 Rfd8 31. e4 Rb7 32. Nc4 Rbd7 33. Nb6 Rb7 34. Nd5 Re8
35. Rh1 gxf5 36. gxf5 f6 37. Ne3 Rh8 38. Rh5 b3 39. c3 Rd7 40. c4 Rb7 41. Rf1
Rh7 42. Kf2 Rb4 43. Ra1 Rh8 44. Ke2 Rhb8 45. Kd2 R4b7 46. Kc3 Nf7 47. Nf1 Nd8
48. Ne3 Nc6 49. Rah1 Rh8 50. Ng4 Rb4 51. Rxh6 Rxh6 52. Rxh6 Nd4 53. Rg6+ Kf7 54.
Rxf6+ Ke7 55. Rh6 Rxa4 56. f6+ Kf7 57. Rh7+ Kg6 58. Rg7+ Kh5 59. f7 Ne6 60. Rg8
Ra1 61. Nf6+ 1-0

[Event "SportAccord Blitz Men 2012"]
[Site "Beijing CHN"]
[Date "2012.12.16"]
[Round "2.1"]
[White "Ivanchuk, Vassily"]
[Black "Leko, Peter"]
[Result "1/2-1/2"]
[WhiteTitle "GM"]
[BlackTitle "GM"]
[WhiteElo "2766"]
[BlackElo "2732"]
[WhiteFideId "14100010"]
[BlackFideId "703303"]
[EventDate "2012.12.16"]

1. f4 c5 2. Nf3 Nc6 3. e4 g6 4. Bb5 Qb6 5. a4 Bg7 6. O-O Nf6 7. d3 c4+ 8. Kh1
cxd3 9. Bxd3 d6 10. Nc3 O-O 11. Qe1 Nb4 12. Qh4 Nxd3 13. cxd3 Qa6 14. f5 Qxd3
15. Bh6 b6 16. Rad1 Qc4 17. Ng5 Bb7 18. fxg6 fxg6 19. Bxg7 Kxg7 20. Rxf6 Rxf6
21. Qxh7+ Kf8 22. Qh8+ Qg8 23. Nh7+ Kf7 24. Ng5+ Kf8 25. Nh7+ Kf7 26. Ng5+ 1/2-1/2

[Event "SportAccord Blitz Men 2012"]
[Site "Beijing CHN"]
[Date "2012.12.16"]
[Round "2.2"]
[White "Wang, Hao"]
[Black "Karjakin, Sergey"]
[Result "0-1"]
[WhiteTitle "GM"]
[BlackTitle "GM"]
[WhiteElo "2737"]
[BlackElo "2775"]
[WhiteFideId "8602883"]
[BlackFideId "14109603"]
[EventDate "2012.12.16"]

1. d4 d5 2. c4 dxc4 3. Nf3 Nf6 4. Qa4+ c6 5. Qxc4 Bf5 6. g3 e6 7. Bg2 Nbd7 8.
O-O Be7 9. e3 O-O 10. Rd1 Rc8 11. Qe2 Ne4 12. Ne1 Bg6 13. Nd3 Qa5 14. Nf4 Nd6
15. Nc3 Rfd8 16. h4 e5 17. Nxg6 hxg6 18. d5 c5 19. h5 gxh5 20. Qxh5 g6 21. Qe2
c4 22. e4 Nc5 23. Bd2 b5 24. Qe3 Qc7 25. Bh3 Rb8 26. Kg2 b4 27. Ne2 Ndxe4 28.
Be1 Bg5 29. Qf3 f5 30. a3 bxa3 31. Qxa3 Rd7 32. g4 f4 33. Ng1 Nd3 34. Rxd3 cxd3
35. Qxd3 Nf6 36. Qxg6+ Rg7 37. Qf5 e4 38. Bc3 f3+ 39. Kh1 Qd7 40. Qe5 Re8 41.
Qd4 Rh7 0-1

[Event "SportAccord Blitz Men 2012"]
[Site "Beijing CHN"]
[Date "2012.12.16"]
[Round "2.3"]
[White "Radjabov, Teimour"]
[Black "Bologan, Viktor"]
[Result "1-0"]
[WhiteTitle "GM"]
[BlackTitle "GM"]
[WhiteElo "2793"]
[BlackElo "2681"]
[WhiteFideId "13400924"]
[BlackFideId "13900048"]
[EventDate "2012.12.16"]

1. Nf3 d5 2. d4 Nf6 3. c4 c6 4. Nc3 dxc4 5. a4 e6 6. e3 c5 7. Bxc4 Nc6 8. O-O
cxd4 9. exd4 Be7 10. Qe2 Nb4 11. Rd1 O-O 12. Ne5 Nfd5 13. Ne4 Bd7 14. Nc5 Bc6
15. a5 Qc7 16. Bb3 b6 17. Ne4 bxa5 18. Bd2 a4 19. Bxb4 axb3 20. Bxe7 Nxe7 21.
Rac1 Qb6 22. Ng5 Be8 23. h4 Rd8 24. Ngf3 Bc6 25. Nxc6 Nxc6 26. Qe4 Rd6 27. Ng5
f5 28. Qe3 Nxd4 29. Kh1 h6 30. Nh3 Nc2 31. Rxd6 Qxd6 32. Qxb3 Nd4 33. Qc4 Kh7
34. h5 e5 35. Ra1 Qd7 36. Re1 Re8 37. Qc5 Qe7 38. Qd5 Qf6 39. Kg1 Re7 40. b4 Qe6
41. Qc5 Qf6 42. Nf4 Nb3 43. Qe3 Qf7 44. Ng6 Re6 45. Qxb3 Qf6 46. Qxe6 1-0

[Event "SportAccord Blitz Men 2012"]
[Site "Beijing CHN"]
[Date "2012.12.16"]
[Round "2.4"]
[White "Morozevich, Alexander"]
[Black "Aronian, Levon"]
[Result "0-1"]
[WhiteTitle "GM"]
[BlackTitle "GM"]
[WhiteElo "2748"]
[BlackElo "2815"]
[WhiteFideId "4116992"]
[BlackFideId "13300474"]
[EventDate "2012.12.16"]

1. d4 Nf6 2. c4 c5 3. d5 e5 4. Nc3 d6 5. g3 Nbd7 6. e4 h5 7. h3 g6 8. Nf3 Bh6 9.
Bxh6 Rxh6 10. Be2 Kf8 11. Qd2 Kg7 12. Qe3 a6 13. a4 b6 14. Ng5 Rh8 15. O-O-O Nh7
16. h4 Ndf6 17. f3 Bd7 18. Rhf1 Qe8 19. b3 Rf8 20. Kb2 a5 21. Rf2 Qe7 22. Rh1
Rae8 23. Bf1 Ng8 24. Nxh7 Kxh7 25. Bh3 Bxh3 26. Rxh3 f5 27. exf5 gxf5 28. Qg5
Qf7 29. Nb5 Rd8 30. Rhh2 Nh6 31. Rhg2 f4 32. Nc3 Rg8 33. Ne4 Rdf8 34. gxf4 exf4
35. Ka2 Nf5 36. Qxf4 Rxg2 37. Rxg2 Qe7 38. Ng5+ Kh8 39. Ne6 Rf6 40. Qg5 Qf7 41.
Nf4 Ng7 42. Ng6+ Kh7 43. Qe3 Rxg6 0-1

[Event "SportAccord Blitz Men 2012"]
[Site "Beijing CHN"]
[Date "2012.12.16"]
[Round "2.5"]
[White "Nakamura, Hikaru"]
[Black "Grischuk, Alexander"]
[Result "1-0"]
[WhiteTitle "GM"]
[BlackTitle "GM"]
[WhiteElo "2760"]
[BlackElo "2764"]
[WhiteFideId "2016192"]
[BlackFideId "4126025"]
[EventDate "2012.12.16"]

1. e4 c6 2. Nc3 d5 3. Nf3 Bg4 4. h3 Bh5 5. exd5 cxd5 6. Bb5+ Nc6 7. g4 Bg6 8.
Ne5 Rc8 9. d4 e6 10. h4 f6 11. Nxg6 hxg6 12. Qd3 Kf7 13. Be3 Bb4 14. h5 gxh5 15.
gxh5 Nge7 16. a3 Bxc3+ 17. Qxc3 Qa5 18. Qxa5 Nxa5 19. Bd3 Nf5 20. b3 Nc6 21.
Bxf5 exf5 22. O-O-O Rhe8 23. Rd3 Re4 24. f3 Re6 25. Kd2 Rce8 26. Rh4 Rh8 27. c4
Ne7 28. Bf4 Ke8 29. Rh2 Kd7 30. Rg2 Rh7 31. a4 a5 32. Rc3 Rc6 33. Kd3 Ke6 34.
Rc1 Kf7 35. Rcg1 Rb6 36. Kc3 Rc6 37. c5 Re6 38. b4 axb4+ 39. Kxb4 Nc6+ 40. Kc3
Re7 41. Kd3 Nb4+ 42. Kc3 Nc6 43. Rh2 Ke8 44. Rb1 Kd8 45. a5 Kc8 46. Ra2 Rxh5 47.
a6 Rh3 48. axb7+ Rxb7 49. Ra8+ Nb8 50. Rxb8+ Rxb8 51. Rxb8+ Kd7 52. Rb7+ Ke6 53.
Bd6 Rxf3+ 54. Kb4 f4 55. Rxg7 Rd3 56. Re7+ Kf5 57. c6 f3 58. Re1 Rxd4+ 59. Kb5
Rc4 60. Bc5 Rg4 61. Re8 Rg7 62. Kb6 Kf4 63. c7 1-0

[Event "SportAccord Blitz Men 2012"]
[Site "Beijing CHN"]
[Date "2012.12.16"]
[Round "2.6"]
[White "Jobava, Baadur"]
[Black "Mamedyarov, Shakhriyar"]
[Result "1/2-1/2"]
[WhiteTitle "GM"]
[BlackTitle "GM"]
[WhiteElo "2711"]
[BlackElo "2764"]
[WhiteFideId "13601520"]
[BlackFideId "13401319"]
[EventDate "2012.12.16"]

1. b3 Nf6 2. Bb2 g6 3. Nc3 d5 4. d4 Bg7 5. e3 c5 6. Qd2 Nc6 7. O-O-O cxd4 8.
exd4 O-O 9. f3 h5 10. Kb1 Bf5 11. a3 Rc8 12. Nge2 b5 13. Ng3 b4 14. axb4 Bd7 15.
Na4 h4 16. Ne2 Bf5 17. Nc5 a5 18. bxa5 Nxa5 19. Nc1 e5 20. Ba6 Rc6 21. Bb5 Rc8
22. Rhe1 exd4 23. Bxd4 Qb6 24. Bd3 Bxd3 25. N1xd3 Ne4 26. fxe4 Bxd4 27. Nd7 Qa7
28. N3e5 Nxb3 29. Nf6+ Kg7 30. Nh5+ Kg8 31. Nf6+ Kg7 32. Nh5+ Kg8 1/2-1/2

[Event "SportAccord Blitz Men 2012"]
[Site "Beijing CHN"]
[Date "2012.12.16"]
[Round "2.8"]
[White "Fressinet, Laurent"]
[Black "Kamsky, Gata"]
[Result "1/2-1/2"]
[WhiteTitle "GM"]
[BlackTitle "GM"]
[WhiteElo "2700"]
[BlackElo "2762"]
[WhiteFideId "608742"]
[BlackFideId "2000024"]
[EventDate "2012.12.16"]

1. d4 d5 2. c4 c6 3. Nc3 Nf6 4. Nf3 a6 5. e3 g6 6. Be2 Bg7 7. O-O O-O 8. a4 a5
9. cxd5 cxd5 10. Qb3 Nc6 11. Bd2 Qd6 12. Rfc1 Bd7 13. Qa3 Qb8 14. Nb5 Rd8 15.
Be1 Bf8 16. Qb3 e6 17. h3 Ne4 18. Nd2 Nd6 19. Nb1 Nf5 20. N1c3 Nb4 21. Na2 Nc6
22. Nac3 Nb4 23. Na2 Nc6 24. Nac3 Nb4 25. Na2 1/2-1/2

[Event "SportAccord Blitz Men 2012"]
[Site "Beijing CHN"]
[Date "2012.12.16"]
[Round "3.3"]
[White "Mamedyarov, Shakhriyar"]
[Black "Giri, Anish"]
[Result "1-0"]
[WhiteTitle "GM"]
[BlackTitle "GM"]
[WhiteElo "2764"]
[BlackElo "2720"]
[WhiteFideId "13401319"]
[BlackFideId "24116068"]
[EventDate "2012.12.16"]

1. d4 Nf6 2. c4 g6 3. Nc3 d5 4. e3 Bg7 5. Nf3 O-O 6. Be2 c5 7. dxc5 dxc4 8. O-O
Na6 9. Qd4 Qc7 10. Bxc4 Nxc5 11. Qh4 Be6 12. Bxe6 Nxe6 13. e4 Rfd8 14. e5 Nd5
15. Ne4 Bxe5 16. Bg5 Bf4 17. Rfd1 Bxg5 18. Nexg5 Nxg5 19. Nxg5 Nf6 20. Re1 Rd2
21. Rac1 Qd7 22. h3 Re8 23. Qc4 Qd5 24. Qh4 Rxb2 25. Rc3 Rb5 26. Rg3 Ra5 27. a4
a6 28. Ree3 Qd1+ 29. Kh2 Qd6 30. Rf3 Nh5 31. Rd3 Qf4 32. Qxf4 Nxf4 33. Rd7 Rxa4
34. Rxb7 h6 35. Nf3 Ne2 36. Rg4 Rxg4 37. hxg4 Nc3 38. Ra7 Ne4 39. Kg1 Nc5 40.
Ne5 Kg7 41. Rc7 Ne4 42. f3 Nf6 43. Ra7 h5 44. gxh5 Nxh5 45. Rxa6 Rc8 46. Ra7
Rc1+ 47. Kf2 Rc2+ 48. Kf1 Kf6 49. Ng4+ Ke6 50. Ra6+ Kd5 51. Ne3+ 1-0

[Event "SportAccord Blitz Men 2012"]
[Site "Beijing CHN"]
[Date "2012.12.16"]
[Round "3.4"]
[White "Grischuk, Alexander"]
[Black "Jobava, Baadur"]
[Result "0-1"]
[WhiteTitle "GM"]
[BlackTitle "GM"]
[WhiteElo "2764"]
[BlackElo "2711"]
[WhiteFideId "4126025"]
[BlackFideId "13601520"]
[EventDate "2012.12.16"]

1. e4 e6 2. d4 d5 3. e5 c5 4. c3 Nc6 5. Nf3 Bd7 6. Be2 f6 7. O-O fxe5 8. Nxe5
cxd4 9. cxd4 Bd6 10. Re1 Nf6 11. Nc3 O-O 12. Bf4 Bxe5 13. dxe5 Ne4 14. Nxd5 Kh8
15. Be3 exd5 16. Qxd5 Bf5 17. Qxd8 Rfxd8 18. f3 Nd2 19. Bg5 Rd4 20. Rad1 Nb1 21.
e6 Re8 22. Bb5 Rxd1 23. Rxd1 h6 24. Bf4 Rxe6 25. g4 Bc2 26. Rd7 Rf6 27. Bg3 Rxf3
28. Rxb7 Nd4 29. Bc4 Bd3 30. Bxd3 Rxd3 31. Rxa7 Ne2+ 32. Kf2 Nxg3 33. hxg3 Rd2+
34. Ke3 Rxb2 35. a4 Nc3 36. a5 Ra2 37. Kd3 Nd5 38. Kd4 Nf6 39. a6 Nxg4 40. Ra8+
Kh7 41. Kc4 Ne5+ 42. Kb5 Rb2+ 43. Kc5 Nd7+ 44. Kc6 Ne5+ 45. Kd5 Rb5+ 46. Kd6 h5
47. Re8 Nc4+ 48. Kc6 Ra5 49. Ra8 Ra3 50. Kb5 Nd6+ 51. Kb6 Rxg3 52. Rd8 Rb3+ 53.
Kc6 Nb5 54. Rd5 Na7+ 55. Kc7 Kh6 56. Rd6+ g6 57. Rb6 Rf3 58. Rb7 h4 59. Kb6 Nc8+
60. Kc7 Rc3+ 61. Kb8 h3 62. Rb2 Nd6 63. Rd2 Rc8+ 64. Ka7 Ne4 65. Rh2 Rc3 66. Kb6
Nd6 67. Rd2 Nc8+ 68. Kb7 g5 69. Rd8 g4 70. Rg8 Kh5 71. Rh8+ Kg5 72. Rg8+ Kf4 73.
Rf8+ Ke5 0-1

[Event "SportAccord Blitz Men 2012"]
[Site "Beijing CHN"]
[Date "2012.12.16"]
[Round "3.5"]
[White "Aronian, Levon"]
[Black "Nakamura, Hikaru"]
[Result "1/2-1/2"]
[WhiteTitle "GM"]
[BlackTitle "GM"]
[WhiteElo "2815"]
[BlackElo "2760"]
[WhiteFideId "13300474"]
[BlackFideId "2016192"]
[EventDate "2012.12.16"]

1. d4 Nf6 2. c4 e6 3. Nf3 c5 4. d5 exd5 5. cxd5 g6 6. Nc3 d6 7. Bf4 a6 8. a4 Bg7
9. h3 O-O 10. e3 Ne8 11. Be2 Nd7 12. O-O h6 13. e4 Rb8 14. Re1 Qe7 15. Qb3 Nc7
16. Bf1 b6 17. Bh2 g5 18. Ne2 b5 19. Ng3 Ne5 20. Nh5 Bh8 21. Nxe5 Bxe5 22. Bxe5
Qxe5 23. axb5 Nxb5 24. Bxb5 Rxb5 25. Qc3 f6 26. Ra2 Kf7 27. g4 Re8 28. Re3 Ke7
29. Ng7 Qxc3 30. bxc3 Rh8 31. Rf3 Rh7 32. Nf5+ Kd7 33. Ne3 Rf7 34. Nc4 Kc7 35.
e5 dxe5 36. d6+ Kd8 37. Nxe5 Rf8 38. Ng6 Bb7 39. Nxf8 Bxf3 40. Rxa6 Rb1+ 41. Kh2
Bb7 42. Ra7 Rh1+ 43. Kg3 Rg1+ 44. Kh2 Rh1+ 1/2-1/2

[Event "SportAccord Blitz Men 2012"]
[Site "Beijing CHN"]
[Date "2012.12.16"]
[Round "3.6"]
[White "Bologan, Viktor"]
[Black "Morozevich, Alexander"]
[Result "1-0"]
[WhiteTitle "GM"]
[BlackTitle "GM"]
[WhiteElo "2681"]
[BlackElo "2748"]
[WhiteFideId "13900048"]
[BlackFideId "4116992"]
[EventDate "2012.12.16"]

1. e4 e6 2. d4 d5 3. Nc3 Nf6 4. e5 Nfd7 5. f4 c5 6. Nf3 Be7 7. Be3 b6 8. Bd3 Ba6
9. O-O Bxd3 10. cxd3 Nc6 11. Kh1 O-O 12. Qd2 Rc8 13. Rac1 a6 14. Ne2 Qc7 15. f5
exf5 16. Nf4 Qd8 17. e6 Nf6 18. exf7+ Rxf7 19. Ng5 cxd4 20. Bg1 Qd7 21. Nxf7
Kxf7 22. Ne2 Bc5 23. Qf4 g6 24. Nxd4 Nb4 25. Qd2 Nxa2 26. Nf3 Kg7 27. Ra1 Nb4
28. Bxc5 bxc5 29. Rfe1 d4 30. Ne5 Qb7 31. Nc4 Rc7 32. h3 Nbd5 33. Re5 f4 34. Qf2
Ne3 35. Qf3 Qxf3 36. gxf3 Nxc4 37. dxc4 d3 38. Rd1 Rd7 39. Rxc5 Rd4 40. Kg2 Kh6
41. Kf2 g5 42. b3 Kg6 43. Rc6 Kf5 44. Rxa6 h5 45. Ra5+ Kg6 46. Ra2 g4 47. hxg4
hxg4 48. Rad2 g3+ 49. Kg2 Rd8 50. Rxd3 Re8 51. R1d2 Rh8 52. Kg1 Kf5 53. c5 Ra8
54. b4 Ra1+ 55. Rd1 Ra2 56. R3d2 Ra3 57. Kg2 Rb3 58. c6 Rxb4 59. Rc2 1-0

[Event "SportAccord Blitz Men 2012"]
[Site "Beijing CHN"]
[Date "2012.12.16"]
[Round "3.7"]
[White "Karjakin, Sergey"]
[Black "Radjabov, Teimour"]
[Result "1-0"]
[WhiteTitle "GM"]
[BlackTitle "GM"]
[WhiteElo "2775"]
[BlackElo "2793"]
[WhiteFideId "14109603"]
[BlackFideId "13400924"]
[EventDate "2012.12.16"]

1. e4 c5 2. Nf3 Nc6 3. Nc3 g6 4. d4 cxd4 5. Nxd4 Bg7 6. Be3 Nf6 7. Bc4 O-O 8.
Bb3 d6 9. f3 Bd7 10. Qd2 Nxd4 11. Bxd4 b5 12. a4 b4 13. Nd5 Nxd5 14. Bxg7 Kxg7
15. exd5 Qa5 16. O-O Qc5+ 17. Kh1 a5 18. Rae1 Rae8 19. Re4 e5 20. dxe6 Bxe6 21.
Rfe1 Bd7 22. Qf4 Rxe4 23. Rxe4 Bc6 24. Rc4 Qf2 25. Qd4+ Qxd4 26. Rxd4 d5 27. Kg1
Kf6 28. Kf2 Ke5 29. Ke3 Re8 30. Kd3 Bb7 31. c3 bxc3 32. bxc3 Ba6+ 33. Kd2 Bb7
34. f4+ Kd6 35. Bxd5 Bxd5 36. c4 Kc5 37. Rxd5+ Kb4 38. Rb5+ Kxa4 39. g3 Re4 40.
Kd3 Re7 41. Rb6 Rd7+ 42. Kc3 Rc7 43. Rb1 1-0

[Event "SportAccord Blitz Men 2012"]
[Site "Beijing CHN"]
[Date "2012.12.16"]
[Round "3.8"]
[White "Leko, Peter"]
[Black "Wang, Hao"]
[Result "0-1"]
[WhiteTitle "GM"]
[BlackTitle "GM"]
[WhiteElo "2732"]
[BlackElo "2737"]
[WhiteFideId "703303"]
[BlackFideId "8602883"]
[EventDate "2012.12.16"]

1. d4 d5 2. c4 c6 3. Nc3 Nf6 4. e3 g6 5. Nf3 Bg7 6. Be2 O-O 7. O-O a6 8. a4 a5
9. Qb3 e6 10. Bd2 b6 11. Rfc1 Nbd7 12. Be1 Bb7 13. Qa3 Re8 14. cxd5 exd5 15. b3
Bf8 16. Qb2 Bd6 17. Rc2 Qe7 18. g3 h5 19. Bf1 Rac8 20. Qc1 Nb8 21. Na2 Ne4 22.
Nd2 Ng5 23. Qd1 Ne6 24. Nf3 g5 25. h3 Kg7 26. Ne5 f6 27. Nd3 Rh8 28. Qf3 h4 29.
g4 c5 30. dxc5 bxc5 31. Nc3 c4 32. Nc1 cxb3 33. Rb2 d4 34. Nd5 Bxd5 35. Qxd5
dxe3 36. fxe3 Be5 37. Nd3 Bxb2 38. Nxb2 Nc6 39. Qxb3 Ne5 40. Bg2 Rb8 41. Qc2
Rhc8 42. Qe2 Qc7 43. Be4 Qb6 44. Nd1 Nc5 45. Bg2 Nb3 46. Ra3 Qc5 47. Rxb3 Rxb3
48. Bf2 Rb1 49. Kh2 Qd6 0-1

[Event "SportAccord Blitz Men 2012"]
[Site "Beijing CHN"]
[Date "2012.12.16"]
[Round "4.2"]
[White "Radjabov, Teimour"]
[Black "Leko, Peter"]
[Result "1-0"]
[WhiteTitle "GM"]
[BlackTitle "GM"]
[WhiteElo "2793"]
[BlackElo "2732"]
[WhiteFideId "13400924"]
[BlackFideId "703303"]
[EventDate "2012.12.16"]

1. d4 Nf6 2. c4 e6 3. Nc3 Bb4 4. Qc2 O-O 5. Nf3 c5 6. dxc5 Na6 7. g3 Nxc5 8. Bg2
Nce4 9. O-O Nxc3 10. bxc3 Be7 11. e4 d6 12. e5 dxe5 13. Nxe5 Qc7 14. Re1 Nd7 15.
Bf4 Nxe5 16. Bxe5 Bd6 17. Qe2 Bxe5 18. Qxe5 Qxe5 19. Rxe5 Rd8 20. Rb1 Rd7 21.
Ra5 Kf8 22. Be4 Rc7 23. c5 h6 24. h4 Ke7 25. Kg2 Kf6 26. Bf3 Ke7 27. Rb4 g6 28.
Rb3 Kf6 29. Rba3 Kg7 30. Rb3 Kf6 31. Rb4 Ke7 32. g4 Kf6 33. g5+ hxg5 34. hxg5+
Ke7 35. Kg3 Rb8 36. c6 b6 37. Raa4 e5 38. Rb5 f6 39. Rh4 fxg5 40. Rh7+ 1-0

[Event "SportAccord Blitz Men 2012"]
[Site "Beijing CHN"]
[Date "2012.12.16"]
[Round "4.3"]
[White "Morozevich, Alexander"]
[Black "Karjakin, Sergey"]
[Result "0-1"]
[WhiteTitle "GM"]
[BlackTitle "GM"]
[WhiteElo "2748"]
[BlackElo "2775"]
[WhiteFideId "4116992"]
[BlackFideId "14109603"]
[EventDate "2012.12.16"]

1. c4 e5 2. Nc3 Nf6 3. e3 Nc6 4. a3 g6 5. d3 Bg7 6. Nf3 O-O 7. Be2 d5 8. cxd5
Nxd5 9. Bd2 a5 10. O-O Be6 11. Na4 b6 12. Qc2 Nce7 13. b4 axb4 14. axb4 Qd7 15.
Rfb1 h6 16. g3 Bg4 17. e4 Bxf3 18. Bxf3 Nc6 19. exd5 Nd4 20. Qd1 Nxf3+ 21. Qxf3
Rxa4 22. Rxa4 Qxa4 23. Rc1 Qd7 24. Rc6 b5 25. d6 cxd6 26. Qd5 Ra8 27. Kg2 Bf8
28. Rb6 Ra3 29. Rxb5 Qf5 30. Rb8 Kg7 31. Bxh6+ Kxh6 32. Rxf8 Kg7 33. Rd8 Rxd3
34. Qa8 e4 35. Rg8+ Kf6 36. Qd8+ Ke5 37. Qe7+ Kd5 38. Qb7+ Kc4 39. Qc8+ Qxc8 40.
Rxc8+ Kxb4 41. Rf8 Rf3 42. h4 d5 43. g4 d4 44. h5 gxh5 45. gxh5 Rf6 46. Re8 Rh6
47. Rxe4 Kc3 48. Rh4 d3 49. Rf4 d2 0-1